kku e-library facility

Introduction to Plant Ecology (Record no. 170)

MARC details
000 -LEADER
fixed length control field 00344nam a2200121 4500
005 - DATE AND TIME OF LATEST TRANSACTION
control field 20260224121800.0
008 - FIXED-LENGTH DATA ELEMENTS--GENERAL INFORMATION
fixed length control field 260224b |||||||| |||| 00| 0 eng d
100 ## - MAIN ENTRY--PERSONAL NAME
Personal name Tansley Arthur
245 ## - TITLE STATEMENT
Title Introduction to Plant Ecology
Statement of responsibility, etc. /Arthur Tansley
260 ## - PUBLICATION, DISTRIBUTION, ETC.
Place of publication, distribution, etc. London;
Name of publisher, distributor, etc. George Allen & Unwin ltd;
Date of publication, distribution, etc. 1923
300 ## - PHYSICAL DESCRIPTION
Extent 263p, ill;
Dimensions 20cm
942 ## - ADDED ENTRY ELEMENTS (KOHA)
Source of classification or shelving scheme Library of Congress Classification
Suppress in OPAC No
Koha item type Books

No items available.

©2025 All rights reserved. KKU